Những khó khăn trong quá trình hỗ trợ trẻ khiếm thị học hòa nhập ở trường phổ thông /
Guardado en:
| Autor principal: | |
|---|---|
| Formato: | Artículo |
| Lenguaje: | Vietnamese |
| Materias: | |
| Etiquetas: |
Agregar Etiqueta
Sin Etiquetas, Sea el primero en etiquetar este registro!
|
| Thư viện lưu trữ: | Thư viện Trường Đại học Đà Lạt |
|---|
| LEADER | 01069nam a2200277 4500 | ||
|---|---|---|---|
| 001 | DLU190189997 | ||
| 005 | ##2019322 | ||
| 040 | # | # | |a DLU |b vie |
| 041 | # | # | |a vie |
| 044 | # | # | |a vn |
| 100 | # | # | |a Đỗ Hạnh Nga. |
| 245 | # | # | |a Những khó khăn trong quá trình hỗ trợ trẻ khiếm thị học hòa nhập ở trường phổ thông / |c Đỗ Hạnh Nga. |
| 653 | # | # | |a Học hòa nhập |
| 653 | # | # | |a Khiếm thị |
| 653 | # | # | |a Trẻ em |
| 653 | # | # | |a Trường phổ thông |
| 773 | # | # | |t Hội thảo khoa học Quốc tế phát triển hòa nhập xã hội dựa vào cộng đồng : |b Cơ hội và thách thức = The 3rd international conference developing and inclusive society through community based approach : Opportunities and challenger |g 2017, tr. 182-190 |
| 920 | # | # | |a Phòng Sau đại học -- Trung tâm Thông tin - Thư viện Trường Đại học Đà Lạt |
| 994 | # | # | |a DLU |
| 900 | # | # | |a True |
| 911 | # | # | |a Hoàng Thị Huyền |
| 925 | # | # | |a G |
| 926 | # | # | |a A |
| 927 | # | # | |a BB |
| 980 | # | # | |a Thư viện Trường Đại học Đà Lạt |